| 000 | 00464cam a22001571 4500 | ||
|---|---|---|---|
| 082 |
_a604.2 _bHOO _cL-12, P-47 |
||
| 100 | 1 |
_aHood, S. M. _940219 |
|
| 245 | 1 | 0 | _aTeach yourself mechanical draughtsmanship. |
| 260 |
_aLondon, _bEnglish Universities Press _c[1952] |
||
| 300 |
_a183 p. _billus. _c18 cm. |
||
| 490 | 0 | _aThe Teach yourself books | |
| 526 |
_a0 _b0 _c0 _d604_200000000000000_HOO |
||
| 650 | 0 |
_aMCE _9379 |
|
| 650 | 0 | _aMechanical drawing. | |
| 942 |
_2ddc _cBK |
||
| 999 |
_c544563 _d544563 |
||